| 000 | 006770000a22002290004500 | ||
|---|---|---|---|
| 003 | LK-CoMWRAF | ||
| 005 | 20231109111851.0 | ||
| 008 | 230817t2005 ||||| |||| 00| 0 eng d | ||
| 020 | _a1844132978 | ||
| 040 |
_aLK-CoMWRAF _dLK-CoMWRAF _eLK-CoMWRAF |
||
| 041 | _aeng | ||
| 082 |
_a303.66 _bCHO |
||
| 100 | _aChopra, Deepak | ||
| 245 |
_aPeace is the way: _bBringing War and Violence to an end |
||
| 260 |
_aNew York: _bHarmony, _c2005 |
||
| 300 |
_a263 p. ; 25 cm. _bIndex included |
||
| 650 | _aPEACE-RELIGIOUS ASPECTS | ||
| 650 | _aWar-Religious aspects. | ||
| 650 | _a Violence--Religious aspects. | ||
| 650 | _aConflict management--Religious aspects. | ||
| 942 | _cBK | ||
| 999 |
_c2211 _d2211 |
||